000 00293nam a22001217a 4500
008 260429b |||||||| |||| 00| 0 eng d
082 _a001367
100 _aShastri, Jagadeeshlal
245 _aSwapnavasavadattam
260 _aDelhi
_bMotilal Banarasidass
_c2007
300 _a143p
942 _2ddc
999 _c1365
_d1365